000
00308nam a22001457a 4500
008
230127b ||||| |||| 00| 0 eng d
020
_a
0042682281
041
_a
eng
080
_2
VOLUME108
_a
573
082
_a
573HIR
100
_a
14
101
_a
BIO
245
_a
VIROLOGY
_c
HIRST K G
942
_2
udc
_c
BK
999
_c
59290
_d
59290